000
00262nam a2200097Ia 4500
001
764402
005
20250826165302.0
008
250824s9999 xx 000 0 und d
245
0
_a
ARŞİMET ZEKAİ GİZEMLİ MAĞARA
_c
DURAN ÇETİN
260
_b
ATLIKARINCA YAYINLARI
999
_c
764402
_d
764402